The War of 1812

Bibliografiske detaljer
Hovedforfatter: J. C. A. Stagg
Format: Electronisk eBog
Sprog:English
Udgivet: Cambridge University Press, 06/05/2012
Udgivelse:1
Serier:Cambridge Essential Histories
Fag:
Online adgang:Full text available on Cambridge University Press
Off-campus access
LEADER 01239pam a2200301 a 4500
001 AALebookCAM001932
003 BD-DhAAL
006 m||||||||d||||||||
007 cr||||||||||||
008 221123s9999 xxuabf fo j 001 0 eng d
020 |a 9780521726863 
020 |a 9780521898201 
040 |a BD-DhAAL  |c BD-DhAAL 
100 1 |a J. C. A. Stagg 
245 0 0 |h [electronic resource]  |a The War of 1812 
250 |a 1 
260 |b Cambridge University Press,  |c 06/05/2012 
300 |a 1 online resource 
490 1 |a Cambridge Essential Histories 
500 |a <strong>Off-Campus Access:</strong> Athens ID and Password Required 
500 |a <strong>On-Campus Access:</strong> No User ID or Password Required 
506 |a Electronic access restricted to authorized BRAC University faculty, staff and students 
538 |a Mode of access: Internet 
650 4 |a Early republic and Antebellum history 
655 7 |a Electronic books  |2 Library of Congress 
830 0 |a Cambridge Essential Histories 
856 4 0 |z Full text available on Cambridge University Press  |u http://dx.doi.org/10.1017/CBO9781139034838 
856 4 0 |z Off-campus access  |u https://go.openathens.net/redirector/bracu.ac.bd?url=http%3A%2F%2Fdx.doi.org%2F10.1017%2FCBO9781139034838